| 000 | 01405cam a22003497a 4500 | ||
|---|---|---|---|
| 003 | CHAP | ||
| 005 | 20220817041726.0 | ||
| 008 | 971013s1982 r 00010 d | ||
| 010 | _a22675 | ||
| 011 | _a23647 | ||
| 035 | _a27744 | ||
| 040 | _cCHAP | ||
| 082 |
_a336.72 _bM43 1978-80 |
||
| 110 |
_aMéxico. Coordinación General de los Servicios Nacionales de Estadística, Geografía e Informática _976893 |
||
| 245 | 0 | _aSistema de cuentas nacionales de México | |
| 260 |
_aMéxico, D.F. : _bLa coordinación, _c1982 |
||
| 300 | _av. | ||
| 500 | _aLa biblioteca tiene: v.1 Resumen general -- v.2-3 Cuentas de produccón -- v.4 Oferta y utilización de bienes y servicios | ||
| 590 |
_aBATCH-UPD _b10 _c20130110 _lUCH01 _h0918 |
||
| 590 |
_aBATCH-UPD _b10 _c20130410 _lUCH01 _h0541 |
||
| 590 |
_aBATCH-UPD _b10 _c20130914 _lUCH01 _h1149 |
||
| 590 |
_aCONVERSION _b10 _c20130109 _lUCH01 _h1313 |
||
| 650 | 1 | 4 | _aDesarrollo económico. |
| 650 | 1 | 4 |
_aIngresos _xContabilidad _zMéxico. _958391 |
| 650 | 1 | 4 |
_aMéxico _xCondiciones económicas. |
| 901 | _aBK | ||
| 942 | _cLIBRO | ||
| 949 |
_a336.72 M43 1978-80 _bBC _cC _d33724000507315 _eC _fv.4 _h61614 _i27744 _si |
||
| 949 |
_a336.72 M43 1978-80 _bBC _cC _d33724000508941 _eC _fv.2 _h61612 _i27744 _si |
||
| 949 |
_a336.72 M43 1978-80 _bBC _cC _d33724000508974 _eC _fv.1 _h61611 _i27744 _si |
||
| 949 |
_a336.72 M43 1978-80 _bBC _cC _d33724000583555 _eC _fv.3 _h61613 _i27744 _si |
||
| 999 |
_c22675 _d22675 |
||